Score 0/72 Timer 10:00
0 Plays Today
Hint Answer % Correct
ComidaFood
69.6%
BoyfriendNovio
60.9%
PantsPantalones
56.5%
Too/Also/As wellTambien
56.5%
ChaquetaJacket
52.2%
Decidir To decide
52.2%
HuevoEgg
52.2%
CuartoRoom
47.8%
GirlfriendNovia
47.8%
A shoeUn zapato
43.5%
Escuchame a míListen to me
43.5%
BrazoArm
39.1%
Cliente Client
39.1%
CinturaWaist
39.1%
ExtrañoStrange
39.1%
ClothesRopa
39.1%
OtroOther
39.1%
ConmigoWith me
39.1%
CreoI think
39.1%
Ya lo séI know
39.1%
Cuarto de bañoBathroom
36.8%
AbrirTo open
34.8%
CaroExpensive
34.8%
ComprarTo buy
34.8%
Estar listoTo be ready
34.8%
ForPara
34.8%
SizeTalla
34.8%
AyudarTo help
30.4%
EnfermoSick
30.4%
To go shoppingIr de compras
30.4%
CoolGuay
30.4%
VezTime
30.4%
I would like...Me gustaría...
26.1%
PruébaloTry
26.1%
More or lessMas o menos...
26.1%
NeverNunca
26.1%
Hint Answer % Correct
CamisetaT-Shirt
21.7%
DemasiadoToo (much)
21.7%
VayaGo!
21.7%
Wake up!Despierta
21.7%
SillyTonta
21.7%
I have something for youTengo algo para ti
21.7%
No importaIt doesn't matter
17.4%
The lemonEl limón
17.4%
To callLlamar
17.4%
BusyOcupado
17.4%
A coldUn resfriado
17.4%
PutPoner
17.4%
AdivinaGuess
17.4%
CompraPurchase
17.4%
To test/tryProbar
13%
Disfrazadofancy dress
13%
Good luck!Buena Suerte
13%
SentirseTo feel
10.5%
Que cariñohow lovely
8.7%
Contestar To answer
8.7%
DespertarTo wake
8.7%
EquivocarseTo mistake
8.7%
To be smart/have good qualitiesSer listo
8.7%
To dressVestir
8.7%
IdoGone
8.7%
AnyAlguna
8.7%
To worryPreocuparse
4.3%
I have to goTengo que irme
4.3%
Excuse me a secondPerdona un segundo
4.3%
DesearTo desire
0%
The canLa lata
0%
To be carefulTener cuidado
0%
Soft/LovingTierno
0%
Qué tiernoHow sweet
0%
It's not a problemNo es ningún problema
0%
A bit of eachUn poco cada uno
0%
Remove Ads.
Support Sporcle.
Get the best of Sporcle when you Go Orange. This ad-free experience offers more features, more stats, and more fun while also helping to support Sporcle. Thank you for becoming a member.

You're not logged in!

Compare scores with friends on all Sporcle quizzes.
OR
Log In

Show Comments

Extras

Top Quizzes Today


Score Distribution

Your Account Isn't Verified!

In order to create a playlist on Sporcle, you need to verify the email address you used during registration. Go to your Sporcle Settings to finish the process.

Report this User

Report this user for behavior that violates our Community Guidelines.

Details: